Statistics for Soccer - Advanced

Click here to take the quiz!

General Stats

  • This quiz has been taken 26 times
  • The average score is 8 of 15

Answer Stats

HintAnswer% Correct
ivorian brothers that played for arsenal, liverpool and man citytoure
96%
number of teams to win the epl6
88%
father and son epl winning goalkeepers from denmarkschmeichel
84%
man united defensive brothersneville
76%
country that adebayor is fromtogo
76%
upton park belonged to...west ham
72%
striker who played for the reds, potters, pompi and spurscrouch
68%
american striker who played at craven cottagedempsey
52%
liverpool defeated who in the 2005 asian clac milan
48%
spurs striker, half cast, english, short, quickdefoe
44%
team becks scored half way goal againstwimbledon
40%
Only country who debuted at the 2014 FIFA WCBosnia
24%
neville, speed, cahill, lyongarry
20%
traditional fifa commentators clive tylsvey and...andy gray
4%
coached rovers, hammers and the magpiesalladyce
0%

Score Distribution

Percentile by Number Answered

Percent of People with Each Score

Your Score History

You have not taken this quiz